00483nam a2200193Ia 450000500170000000800410001702000260005804000190008404100120010308200180011510000180013324500340015126000410018530000110022663000150023765000090025265100180026185000100027920230427112123.0131103s9999 xx 000 0 und d a8175244771cRs.750.00 aLoreto College aEnglish a613.7046bKUM aKumar, Amresh aHow to use YogacAmresh Kumar aNew DelhibKhel Sahitya Kendrac2007 a416p.  aHatha Yoga aYoga aYoga Exercise aLCLIB